Manual sobre empleo de consultores en países en desarrollo /

Guardado en:
Autor Corporativo: Organización de las Naciones Unidas para el Desarrollo Industrial.
Formato: Libro
Idioma:English
Publicado: Nueva York : Naciones Unidas, 1972.
Edición:2a. ed. con anexos rev.
Series:[Documento. Naciones Unidas ] : ID/3, rev. 1
Materias:
Etiquetas: Agregar Etiqueta
Sin Etiquetas, Sea el primero en etiquetar este registro!
LEADER 01180nam a22002775a 4500
001 EIQ.libpla001565
008 061108s1972####nyu######b####000#0#eng#d
005 20071217154051.0
245 1 0 |a Manual sobre empleo de consultores en países en desarrollo /  |c Organización de las Naciones Unidas para el Desarrollo Industrial (ONUDI). 
250 |a 2a. ed. con anexos rev. 
260 |a Nueva York :  |b Naciones Unidas,  |c 1972. 
300 |a x, 178 p. ;  |c 24 cm. 
490 1 |a [Documento. Naciones Unidas ] : ID/3, rev. 1 
500 |a "Publicación de las Naciones Unidas. Nº de venta: S.72.II.B.10". 
500 |a La biblioteca posee edición en Inglés. 
504 |a Bibliografía: p. 170-178. 
810 2 |a Naciones Unidas;  |t Documento  |v ID/3, rev. 1 
043 |a d------ 
082 0 0 |a 658.4/6/091724 
650 4 |a Consultores  |z Países en desarrollo. 
650 4 |a Consultants  |z Developing countries. 
010 |a  73171232  
040 |a DLC  |c DLC  |d AR-BbSID 
110 2 |a Organización de las Naciones Unidas para el Desarrollo Industrial. 
859 |a AR-BbSID  |b BIB. PLAPIQUI  |h 658.46  |i N 113  |p 1452  |t Ej. 1  |v Ej. 1 
859 |a AR-BbSID  |b BIB. PLAPIQUI  |h 658.46  |i N 113  |p 3026  |t Ej. 2  |v Ej. 2